000 00402nam a2200169Ia 4500
008 230524s9999 xx 000 0 und d
020 _a8122409489
082 _a621.4021
_bSOM
100 _aS.L.Somasundaram
245 0 _aThermal Engineering
250 _a2ND
260 _aNEW DELHI
_bNAI
_c2005
300 _aVIII;456
500 _aQuantity Number: 2
650 _aThermodynamics
942 _cBK
999 _c26003
_d26003